000 00292nam a2200121Ia 4500
008 240624s9999 xx 000 0 und d
041 _aeng
082 _a823 BAL
100 _aBALDACCI DAVID
245 _aKING AND MAXWELL
260 _c2014
_aLondon
_bPan Books
300 _a611 : p. : cm. ; 22
999 _c27762
_d27762